000 00696nam a2200253 i 4500
001 C2-0241692
003 PPAK
005 20180727203950.0
008 020813s1963 my a|||| ||||| | may d
040 _aPPAK
_beng
_cPPAK
_erda
082 0 4 _a823
_223
090 0 0 _a823
_bHEY
_dKSI
100 1 _aHeyerdahl, Thor,
_eauthor
245 1 0 _aPengembaraan Kon-Tiki
264 1 _aKuala Lumpur :
_bLongmans ,
_c1963
300 _a181 pages :
_billustrations ;
_c19 cm
336 _2rdacontent
_atext
337 _2rdamedia
_aunmediated
338 _2rdacarrier
_avolume
490 1 _aBuku Istimewa
650 1 0 _aTranslator into English ; Malay fiction
830 0 _aBuku Istimewa
942 _ddc
_cB
999 _c56638
_d56638